Z BÁSNÍ ANDREJA ŽARNOVA

Bibliographic Details
Main Author: Žarnov, Andrej, 1903-1982 (Author)
Format: Article
Language:Slovak

MARC

LEADER 00000nab a2200000uu 4500
001 vtls011512577
003 SK-MaSNL
005 20260303181152.0
008 230704|1937 xo |||||||||||||||||slo|
015 |a SNBRB 
035 |a (urnnbn)urn:nbn:sk:snk:ar-001cpa 
035 |a (uuid)df2a7a58-3abc-4460-881e-3967fa56ee16 
035 |a urn:nbn:sk:snk-abe2wd 
040 |a SNKBUCL  |b slo  |c SNKBUCL  |e AACR2 
041 0 |a slo 
044 |a xo  |c SK 
100 1 |a Žarnov, Andrej,  |d 1903-1982  |4 aut  |9 112087 
245 1 0 |a Z BÁSNÍ ANDREJA ŽARNOVA  |c Andrej Žarnov 
773 0 |t Slovenské pohľady  |g Roč. 53, č. 11 (1937), s. 593-594 
850 |a Slovenská národná knižnica 
852 |a Slovenská národná knižnica 
954 |a beletria pôvodná (slovenská)  |2 lita 
958 |a OND 
958 |a EUIPO 
958 |a article21 
999 |c 2109613  |d 2111543